Films et séries MCU (Marvel) - Statistiques

Statistiques générales
  • Ce quiz a été pris 1 281 fois
    339 depuis la dernière actualisation
  • Le résultat moyen est 29 sur 49
Statistiques - réponses
Hint Date de sortie Films/Séries % Correct
Films 2008 Iron man
96%
2010 Iron man 2
92%
2012 Avengers
91%
2013 Iron man 3
89%
2008 L'incroyable Hulk
89%
2011 Thor
89%
2019 Avengers Endgame
80%
2018 Avengers Infinity War
77%
2017 Thor Ragnarok
75%
2015 Ant man
73%
2015 Avengers l'ère d'ultron
73%
2017 Spider man Homecoming
72%
2016 Captain America Civil War
71%
2021 Spider man No Way Home
71%
2011 Captain America First Avenger
70%
2021 Black Widow
69%
2018 Black Panther
68%
2014 Les gardiens de la galaxie
68%
2018 Ant man et la guêpe
67%
2019 Captain Marvel
67%
2016 Doctor Strange
67%
2019 Spider man Far From Home
67%
Série 2021 WandaVision
67%
2021 Loki
65%
2022 Thor Love and Thunder
65%
2017 Les gardiens de la galaxie vol 2
64%
2014 Captain America le soldat de l'hiver
62%
2023 Les gardiens de la galaxie vol 3
60%
2013 Thor le monde des ténèbres
58%
2022 Black panther Wakanda Forever
54%
2021 Hawkeye
53%
2022 Doctor Strange in the multiverse of madness
52%
2022 She Hulk
52%
2021 Les éternels
50%
2025 Thunderbolts
50%
2023 Ant man et la guêpe : Quantumania
49%
2022 Ms Marvel
48%
2021 Shang-Chi la légende des dix anneaux
47%
2023 The Marvels
46%
2025 Captain America Brave New World
45%
2025 Les 4 Fantastiques
43%
2021 Falcon et le soldat de l'hiver
41%
2022 Moon Knight
41%
2021 What if
40%
2024 Agatha All Along
27%
2024 Secret Invasion
27%
2024 Deadpool & Wolverine
25%
2022 I'am Groot
18%
2023 Loki saison 2
17%
Aucun quiz correspondant
Distribution des résultats
% des personnes avec chaque résultat
Percentile par nombre de réponses
Votre historique - résultats
Vous n’avez pas pris ce quiz depuis la dernière actualisation